The basis of a development program for Colombia : (Record no. 2788)
[ view plain ]
| 000 -LEADER | |
|---|---|
| fixed length control field | 01044cam a22002531 4500 |
| 001 - CONTROL NUMBER | |
| control field | 2788 |
| 003 - CONTROL NUMBER IDENTIFIER | |
| rucl marc code | BD-RjUL |
| 005 - DATE AND TIME OF LATEST TRANSACTION | |
| control field | 20211208233622.0 |
| 008 - FIXED-LENGTH DATA ELEMENTS--GENERAL INFORMATION | |
| fixed length control field | 131217r19531950xx 001 0 eng |
| 035 ## - SYSTEM CONTROL NUMBER | |
| System control number | (BD-RjUL)2815 |
| 040 ## - CATALOGING SOURCE | |
| Original cataloging agency | DLC |
| Transcribing agency | ODaWU |
| Modifying agency | DLC |
| Language of cataloging | eng |
| 041 ## - LANGUAGE CODE | |
| Language code of text/sound track or separate title | eng |
| 082 ## - DEWEY DECIMAL CLASSIFICATION NUMBER | |
| Classification number | 330.986 |
| Edition number | 16 |
| Author mark and year | BAS 1950 |
| 245 04 - TITLE STATEMENT | |
| Title | The basis of a development program for Colombia : |
| Remainder of title | Report of a mission headed by Lauchlin Currie and sponsored by the International Bank for Reconstruction and Development, in collaboration with the Government of Colombia |
| 260 ## - PUBLICATION, DISTRIBUTION, ETC. (IMPRINT) | |
| Place of publication, distribution, etc. | Washington, D.C. : |
| Name of publisher, distributor, etc. | International Bank for Reconstruction and Development , |
| Date of publication, distribution, etc. | 1950 [printing 1953] |
| 300 ## - PHYSICAL DESCRIPTION | |
| Pagination | xxxviii, 642 p. |
| Illustrations | maps (part col., 1 fold.) |
| Size | 25 cm. |
| 526 ## - STUDY PROGRAM INFORMATION NOTE | |
| Requested Dept. | ECONOMICS |
| 651 #0 - SUBJECT ADDED ENTRY--GEOGRAPHIC NAME | |
| Geographic name | Colombia |
| General subdivision | Economic policy. |
| 9 (RLIN) | 8940 |
| Geographic name | Colombia |
| General subdivision | Economic conditions |
| Chronological subdivision | 1918-1970. |
| 9 (RLIN) | 8941 |
| 700 1# - ADDED ENTRY--PERSONAL NAME | |
| Personal name | Currie, Lauchlin |
| 710 ## - ADDED ENTRY--CORPORATE NAME | |
| Corporate name or jurisdiction name as entry element | International Bank for Reconstruction and Development |
| 9 (RLIN) | 220916 |
| Corporate name or jurisdiction name as entry element | Government of Colombia |
| 9 (RLIN) | 220917 |
| 942 ## - ADDED ENTRY ELEMENTS (KOHA) | |
| Source of classification or shelving scheme | Dewey Decimal Classification |
| Koha item type | Books |
| Lost status | Source of classification or shelving scheme | Damaged status | Not for loan | Collection code | Permanent Location | Current Location | Shelving location | Date acquired | Source of acquisition | Cost, normal purchase price | Total Checkouts | Full call number | Date last seen | Copy number | Koha item type |
|---|---|---|---|---|---|---|---|---|---|---|---|---|---|---|---|
| Dewey Decimal Classification | Not For Loan | Non-fiction | Central Library, University of Rajshahi | Central Library, University of Rajshahi | 09/08/1955 | D.U..P | 20.00 | 330.986 BAS 1953 | 17/12/2013 | C-1 | Books | ||||
| Dewey Decimal Classification | Non-fiction | Central Library, University of Rajshahi | Central Library, University of Rajshahi | 09/08/1955 | D. U. P. | 5.00 | 330.986 BAS 1950 | 21/01/2014 | C-3 | Books | |||||
| Dewey Decimal Classification | Non-fiction | Central Library, University of Rajshahi | Central Library, University of Rajshahi | 14/11/1955 | B.H. Blackwell | 2.00 | 330.986 BAS 1953 | 29/09/2016 | C-2 | Books |